| 000 | 00714nam a2200229Ia 4500 | ||
|---|---|---|---|
| 008 | 191130s2009##################000#0#eng## | ||
| 020 | _a9780470084595 | ||
| 022 | _a2008013179 | ||
| 040 |
_aACL _cACL |
||
| 082 | _a338.479 GOE | ||
| 100 | _aGoeldner, Charles R | ||
| 245 |
_aTourism : principles, practices, philosophies _cCharles R. Goeldner, J.R. Brent Ritchie |
||
| 250 | _a11th ed | ||
| 260 |
_aHoboken _bJohn Wiley _cc2009 |
||
| 300 | _axix, 624 p. : ill. (some col.) ; 25 cm | ||
| 500 | _aIncludes bibliographical references (p. [597]-612) and index | ||
| 650 | _aTourism | ||
| 700 | _aRitchie, J. R. Brent | ||
| 990 | _ad317a6b0ac10000c0a9c0dfd8d1b7533 | ||
| 991 | _a237621 | ||
| 999 |
_c421498 _d421498 |
||